What's inside the line? (Record no. 60110)

MARC details
000 -LEADER
fixed length control field 00899cam a2200253 4500
001 - CONTROL NUMBER
control field ABS61423
008 - FIXED-LENGTH DATA ELEMENTS--GENERAL INFORMATION
fixed length control field 000000n1999 000 0 eng u
035 ## - SYSTEM CONTROL NUMBER
System control number (Sirsi) u100475
100 ## - MAIN ENTRY--PERSONAL NAME
Personal name Martin, J.
245 ## - TITLE STATEMENT
Title What's inside the line?
260 ## - PUBLICATION, DISTRIBUTION, ETC.
Date of publication, distribution, etc. 1999
490 ## - SERIES STATEMENT
Series statement Estates Gazette
Volume/sequential designation (9939) 2 October 1999, 147(1)
520 ## - SUMMARY, ETC.
Summary, etc. Some objects and structures surrounding listed buildings can be protected themselves in certain circumstances. Looks at the criteria which apply, and discusses the appeal of "Skerritts of Nottingham Ltd v SoS Environment, Transport and the Regions".
590 ## - LOCAL NOTE (RLIN)
Local note ABS
650 ## - SUBJECT ADDED ENTRY--TOPICAL TERM
Topical term or geographic name entry element CURTILAGE
650 ## - SUBJECT ADDED ENTRY--TOPICAL TERM
Topical term or geographic name entry element LISTING
650 ## - SUBJECT ADDED ENTRY--TOPICAL TERM
Topical term or geographic name entry element SEPARATE BUILDINGS
650 ## - SUBJECT ADDED ENTRY--TOPICAL TERM
Topical term or geographic name entry element LISTED BUILDINGS
650 ## - SUBJECT ADDED ENTRY--TOPICAL TERM
Topical term or geographic name entry element SKERRITS OF NOTTINGHAM LTD V SOS FOR THE DETR
650 ## - SUBJECT ADDED ENTRY--TOPICAL TERM
Topical term or geographic name entry element DYER V DORSET CC
690 ## - LOCAL SUBJECT ADDED ENTRY--TOPICAL TERM (OCLC, RLIN)
Topical term or geographic name as entry element PLANNING LAW AND PRACTICE
700 ## - ADDED ENTRY--PERSONAL NAME
Personal name Edwards, M.
942 ## - ADDED ENTRY ELEMENTS (KOHA)
Suppress in OPAC 0
Holdings
Withdrawn status Lost status Source of classification or shelving scheme Damaged status Not for loan Home library Current library Shelving location Date acquired Total Checkouts Full call number Barcode Date last seen Copy number Price effective from Koha item type
    Dewey Decimal Classification     London London Journal article 14/10/1999   ABS61423 100475-1001 06/08/2019 1 06/08/2019 Journal article